00681nam a2200229 a 4500001001300000003000900013005001700022008004100039020002200080082001800102100002200120245002400142260004500166300001000211500003500221650001200256700002200268902000800290942000700298952012900305999001700434nice12345678IN_TiNIC20260116014420.0140917s2001 kola grp 000 0 eng  a818733214X c4000a294.5921bLOK aLokeshwarananda,  aVedanta in Practice aKolkata bRamakrishna Mission Pub c2001 a212p  aincludes index and biblioraphy aVedanta1 aLokeshwarananda,  bSRS cBK 001040708StackRoom-aHMIbHMId2005-01-01g40.00l1o294.5921 LOKp024730r2019-06-19s2017-12-15v40.00w2014-09-17yBK c15191d15191